Hegel y la sociedad moderna /

Guardado en:
Bibliografiske detaljer
Hovedforfatter: Taylor, Charles (autor)
Andre forfattere: Utrilla Trejo, Juan José (traducción) (traducción)
Format: Bog
Sprog:spansk
Udgivet: México : Fondo de Cultura Económica, 1983
Serier:(Breviarios ; 329)
Fag:
Tags: Tilføj Tag
Ingen Tags, Vær først til at tagge denne postø!

MARC

LEADER 00000nam^a2200000^a^4500
001 000027881
005 20250521000000.0
009 20260310084827.076
020 |a 968-16-1167-5 
037 |a Acervo ITESO - Biblioteca 
041 |a ESP 
082 |a 082.  |b BRE V. 329 
100 |a Taylor, Charles  |e (autor) 
245 1 0 |a Hegel y la sociedad moderna /  |c C. Taylor ; tr. por J.J. Utrilla Trejo. 
264 1 |a México :  |b Fondo de Cultura Económica,  |c 1983 
300 |a 340 p. 
336 |a texto  |b txt  |2 rdacontenido 
337 |a sin mediación  |b n  |2 rdamedio 
338 |a volumen  |b nc  |2 rdasoporte 
440 1 |a (Breviarios ;  |v 329) 
500 |a Traducción de: Hegel and Modern Society 
649 |a XX 
650 |a Filósofos Alemanes 
650 |a Libertad 
650 |a Alienación 
650 |a Etica 
650 |a Filosofía Política 
650 |a Modernidad y Posmodernidad 
650 |a Idealismo -  |z Alemania -  |x Historia y Crítica 
650 |a Filosofía del Siglo XIX -  |x Historia y Crítica 
650 |a Filosofía Alemana -  |x Historia y Crítica 
650 |a Hegel, Friedrich -  |x Tema Principal 
700 |a Utrilla Trejo, Juan José  |e (traducción) 
910 |a Fondo General 
920 |a Impresos - Libros 
930 |a Colección General 
905 |a 101 
901 |a 0278810100  |b IT1  |c ACC  |i 027881  |u 20250521 
902 |a https://opac.biblio.iteso.mx/vufind/Record/000027881